Sociología y vida social.

Uloženo v:
Podrobná bibliografie
Hlavní autor: Young, Kimball (autor)
Médium: Kniha
Jazyk:španělština
Témata:
Tagy: Přidat tag
Žádné tagy, Buďte první, kdo vytvoří štítek k tomuto záznamu!

MARC

LEADER 00000cam^a2200000uu^4500
001 000479590
005 20250521000000.0
008 050901s^^^^^^^^^^^^^^^^rd^r^^000^0^spa^d
009 20260310124941.057
035 |a FCE 000022592 
035 |a FCE 002871 
037 |a Acervo ITESO - Biblioteca 
041 |a spa 
082 0 4 |a 301  |b Y392s 
100 |a Young, Kimball  |e (autor) 
245 1 0 |a Sociología y vida social. 
264 |a México :  |b UTEHA,  |c [19--]. 
300 |a 568 p. 
336 |a texto  |b txt  |2 rdacontenido 
337 |a sin mediación  |b n  |2 rdamedio 
338 |a volumen  |b nc  |2 rdasoporte 
649 |a XX 
650 |a Sociología 
650 |a Estructura social 
650 |a Evaluación del docente 
910 |a Fondo Centro de Estudios Educativos 
920 |a Impresos - Libros 
930 |a Fondos Especiales 
905 |a 133 
901 |a ALE002871  |b IT2  |c CEE  |u 20250521 
902 |a https://opac.biblio.iteso.mx/vufind/Record/000479590